Szczegóły MARC21

Funkcjonowanie transportu miejskiego w warunkach konkurencji regulowanej /

005 -DATA I CZAS OSTATNIEJ MODYFIKACJI [,]
    • @
    • pole kontrolne
    • 20120102114658.0
020 -Międzynarod. znormalizowany nr książki - ISBN [ , ]
    • a
    • Numer ISBN
    • 9788373268395 Find
040 -Instytucja sporządzająca opis [ , ]
    • a
    • Instytucja, która sporządziła opis (NP)
    • SZCZ U/KLR
    • c
    • Instytucja, która sporządziła rekord (NP)
    • SZCZ U/KLR
    • d
    • Instytucja, która zmodyfikowała rekord (P)
    • SZCZ U/MS
041 -Język dokumentu [0, ]
    • a
    • Język tekstu (P)
    • polski
044 -Kraj miejsca wydania [ , ]
    • a
    • Kraj miejsca wydania
    • Polska
942 -Rodzaj dokumentu [ , ]
    • c
    • Rodzaj dokumentu
    • Książka
100 -Hasło główne - nazwa osobowa [1, ]
    • 9
    • KHW
    • 28540
    • a
    • Nazwa osobowa (NP)
    • Grzelec, Krzysztof.
245 -Strefa tytułu i oznaczenia odpowiedzialności [1,0]
    • a
    • Tytuł
    • Funkcjonowanie transportu miejskiego w warunkach konkurencji regulowanej / Find
    • c
    • Pozostałe elementy strefy tytułu i oznaczenia odpowiedzialności (NP)
    • Krzysztof Grzelec.
260 -Strefa adresu wydawniczego [ , ]
    • a
    • Miejsce wydania (P)
    • Gdańsk :
    • b
    • Nazwa wydawcy (P)
    • Wydawnictwo Uniwersytetu Gdańskiego,
    • c
    • Data wydania (P)
    • 2011.
300 -Strefa opisu fizycznego [ , ]
    • a
    • Określenie formy książki i/lub objętość (NP)
    • 366, [1] s. :
    • b
    • Oznaczenie ilustracji (NP)
    • il, tab. ;
    • c
    • Format (NP)
    • 24 cm.
504 -Uwaga dot. bibliogr. załącznikowej [ , ]
    • a
    • Uwaga dot. bibliografii załącznikowej
    • Bibliogr.
080 -Uniwersalna Klasyfikacja Dziesiętna [ , ]
    • 2
    • Identyfikator wydania tablic
    • UDC-P058
    • 9
    • UKD
    • 5547
    • a
    • Symbol klasyfikacji
    • 656.1/.3(1-21)
    • b
    • Dopowiedzenie
    • Komunikacja miejska (zagadnienia ogólne).
    • 4
    • UKD2
    • 7642
    • x
    • Poddział wspólny
    • (438)
    • c
    • Dopowiedzenie poddz. wspólnego
    • (Polska).
080 -Uniwersalna Klasyfikacja Dziesiętna [ , ]
    • 2
    • Identyfikator wydania tablic
    • UDC-P058
    • 9
    • UKD
    • 5541
    • a
    • Symbol klasyfikacji
    • 656.07
    • b
    • Dopowiedzenie
    • Zarządzanie transportem. Kierowanie przewozami. Obsługa przewozów towarów, zwierząt i osób.
    • 4
    • UKD2
    • 7975
    • x
    • Poddział wspólny
    • (4-67)
    • c
    • Dopowiedzenie poddz. wspólnego
    • (Kraje Unii Europejskiej).
980 -Symbol UKD [ , ]
    • a
    • UKD
    • 656.1/.3(1-21)(438):656.07(4-67)
920 -ISBN [ , ]
    • a
    • ISBN
    • 978-83-7326-839-5 Find
Lokalizacja Data inwentaryzacji Status udost. Numer inwentarzowy
T2011-12-21-2T.11450
T2013-05-29-2TM.9145